000 00943nas a2200289 4500
001 BR2013007822
003 BR-BrBNA
005 20231205123023.0
007 ta
008 230509b bl.|||p| |||| 00| 00por d
040 _aBR-BrBNA
_bpor
_cBiblioteca Nacional de Agricultura
041 _a(En)
072 _aQ02; Q03
100 1 _aYeannes, M.I.
100 1 _aAmeztoy, I.M.
100 1 _aRamirez, E.E.
100 1 _aFelix, M.M.
245 1 _aCulture alternative medium for the growth of extreme halophilic bacteria in fish products
650 _aPRESERVAÇÃO DE ALIMENTO
650 _aCONTAMINAÇÃO BACTERIANA
650 _aSAL
650 _aTECNOLOGIA DE ALIMENTO
773 0 _tCiência e Tecnologia de Alimentos (Brazil)
_xISSN 1678-457X
_g(Jul-Sep 2011), v. 31(3) p. 553-566
_wBR2013007822
856 4 0 _uhttp://www.scielo.br/pdf/cta/v31n3/a02v31n3.pdf
909 _a202311
_bLúcia
_c55
_dLúcia Elande
942 _2AGRIS
_n0
_cANA
999 _c231801
_d231801